Actors who worked with Peter Berg - Statistics

General Stats
  • This quiz has been taken 7 times
  • The average score is 15 of 68
Answer Stats
Film(s) Answer % Correct
Hancock Will Smith
100%
Lone Survivor, Deepwater Horizon, Patriots Day, Mile 22, Spenser Confidential Mark Wahlberg
83%
Hancock Charlize Theron
67%
The Kingdom Jamie Foxx
67%
Battleship, Lone Survivor Taylor Kitsch
67%
Battleship Alexander Skarsgård
50%
The Rundown Dwayne Johnson
50%
Lone Survivor Eric Bana
50%
The Kingdom, Hancock Jason Bateman
50%
Patriots Day John Goodman
50%
Deepwater Horizon, Mile 22 John Malkovich
50%
Deepwater Horizon Kurt Russell
50%
Mile 22 Lauren Cohan
50%
Battleship Liam Neeson
50%
Battleship Rihanna
50%
Lone Survivor Ben Foster
33%
Friday Night Lights Billy Bob Thornton
33%
The Kingdom Chris Cooper
33%
The Rundown Christopher Walken
33%
Lone Survivor Emile Hirsch
33%
Mile 22 Iko Uwais
33%
Battleship Jesse Plemons
33%
Patriots Day J. K. Simmons
33%
Patriots Day Kevin Bacon
33%
Spenser Confidential Post Malone
33%
The Rundown Rosario Dawson
33%
Spenser Confidential Alan Arkin
17%
Friday Night Lights Amber Heard
17%
Spenser Confidential Austin Post
17%
Very Bad Things Cameron Diaz
17%
Very Bad Things Christian Slater
17%
Hancock Eddie Marsan
17%
The Kingdom Jennifer Garner
17%
Very Bad Things, The Kingdom Jeremy Piven
17%
Very Bad Things Jon Favreau
17%
Deepwater Horizon Kate Hudson
17%
The Kingdom Kyle Chandler
17%
Very Bad Things Leland Orser
17%
Friday Night Lights Lucas Black
17%
Patriots Day Michelle Monaghan
17%
Mile 22 Ronda Rousey
17%
The Rundown Seann William Scott
17%
Spenser Confidential Winston Duke
17%
The Rundown Arnold Schwarzenegger
0%
Spenser Confidential Bokeem Woodbine
0%
Battleship Brooklyn Decker
0%
Spenser Confidential Colleen Camp
0%
Very Bad Things Daniel Stern
0%
The Kingdom Danny Huston
0%
Friday Night Lights Derek Luke
0%
Deepwater Horizon Dylan O'Brien
0%
Deepwater Horizon Ethan Suplee
0%
The Rundown Ewen Bremner
0%
The Kingdom Frances Fisher
0%
Friday Night Lights Garrett Hedlund
0%
Deepwater Horizon Gina Rodriguez
0%
Spenser Confidential Iliza Shlesinger
0%
Hancock Jae Head
0%
Friday Night Lights Jay Hernandez
0%
Very Bad Things Jeanne Tripplehorn
0%
Spenser Confidential Marc Maron
0%
Patriots Day Melissa Benoist
0%
Spenser Confidential Michael Gaston
0%
Mile 22 Nikolai Nikolaeff
0%
Battleship Rami Malek
0%
The Kingdom Richard Jenkins
0%
Battleship Tadanobu Asano
0%
Friday Night Lights, The Kingdom Tim McGraw
0%
No matching quizzes found
Score Distribution
Percent of People with Each Score
Percentile by Number Answered
Your Score History
You have not taken this quiz